The visual history of costume accessories /
Saved in:
| 主要作者: | |
|---|---|
| 格式: | 图书 |
| 语言: | English |
| 出版: |
London :
B.T. Batsford,
1998.
|
| 主题: | |
| 标签: |
添加标签
没有标签, 成为第一个标记此记录!
|
| LEADER | 00815cam a2200265 a 4500 | ||
|---|---|---|---|
| 001 | 007777007-2 | ||
| 005 | 20020606104010.5 | ||
| 008 | 990111s1998 enkacf b 001 0 eng c | ||
| 015 | |a GB98-Z3696 | ||
| 020 | |a 0713473754 | ||
| 035 | 0 | |a ocm44163405 | |
| 035 | 0 | |a ocm40610400 | |
| 040 | |a UKM |c UKM |d NOC |d HLS | ||
| 042 | |a pcc | ||
| 050 | 4 | |a GT2050 |b .C85 1998 | |
| 082 | 0 | 0 | |a 391.44 |2 21 |
| 100 | 1 | |a Cumming, Valerie. | |
| 245 | 1 | 4 | |a The visual history of costume accessories / |c Valerie Cumming. |
| 260 | |a London : |b B.T. Batsford, |c 1998. | ||
| 300 | |a 174 p., viii p. of plates : |b ill. (some col.), ports ; |c 29 cm. | ||
| 504 | |a Includes bibliographical references (p. 166-167) and index. | ||
| 650 | 0 | |a Dress accessories |x History. | |
| 650 | 0 | |a Dress accessories |v Pictorial works. | |
| 988 | |a 20020608 | ||
| 906 | |0 OCLC | ||


